Normal view
MARC view
- Merrill I. Skolnik
Entry Personal Name
001 - CONTROL NUMBER
- control field: 127448
003 - CONTROL NUMBER IDENTIFIER
- control field: NUST
005 - DATE AND TIME OF LATEST TRANSACTION
- control field: 20250110094107.0
008 - FIXED-LENGTH DATA ELEMENTS
- fixed length control field: 250110|| aca||aabn | a|a d
040 ## - CATALOGING SOURCE
- Original cataloging agency: NUST
- Transcribing agency: NUST
100 ## - HEADING--PERSONAL NAME
- Personal name: Merrill I. Skolnik
670 ## - SOURCE DATA FOUND
- Source citation: Work cat.: (NUST): Merrill I. Skolnik, Introduction to Radar system , 1962.
